Poética en Bachelard

Պահպանված է:
Մատենագիտական մանրամասներ
Հիմնական հեղինակ: Saxe Fernández, Eduardo
Ձևաչափ: Գիրք
Լեզու:Undetermined
Հրապարակվել է: San José, Costa Rica Editorial Universidad de Costa Rica 1976
Խորագրեր:
Ցուցիչներ: Ավելացրեք ցուցիչ
Չկան պիտակներ, Եղեք առաջինը, ով նշում է այս գրառումը!

MARC

LEADER 00000nam a2200000Ia 4500
008 170316s9999 xx 000 0 und d
090 |a 100 S-18p 
100 |a Saxe Fernández, Eduardo 
245 |a Poética en Bachelard 
260 |a San José, Costa Rica 
260 |b Editorial Universidad de Costa Rica 
260 |c 1976 
300 |a 144 páginas 
650 |a FILOSOFÍA 
999 |c 17558  |d 17558 
040 |a cru BVZT 
942 |c 15 D  |h 100 S-18p  |2 z